| 000 | 00430nam a2200193Ia 4500 | ||
|---|---|---|---|
| 003 | OSt | ||
| 005 | 20250224103216.0 | ||
| 008 | 210210b1905 xxu||||| |||| 00| 0 eng d | ||
| 040 | _cAL | ||
| 041 | _aeng | ||
| 082 | _a822/1116 | ||
| 100 |
_aSMILES (S) _9202143 |
||
| 245 | _aDuty | ||
| 260 |
_aLondon _bJohn Murray _c1905 |
||
| 650 |
_aDuty _9202144 |
||
| 690 |
_aEnglish Prose _9202145 |
||
| 906 | _a013299 | ||
| 942 |
_2ddc _cBK |
||
| 999 |
_c132164 _d132164 |
||